Morphology is structure : a Malagasy test case
| Published in: | Formal issues in Austronesian linguistics, ed. by Ileana Paul, Vivianne Phillips and Lisa Travis, Dordrecht [etc.], 2000, p. 27-48 (Studies in natural language and linguistic theory) |
|---|---|
| Main Author: | |
| Content type: | Article |
| Published: |
2000
|
| Source: | MPIPL_cat |
MARC
| LEADER | 00000naa a2200000 u 4500 | ||
|---|---|---|---|
| 001 | PL0092929 | ||
| 003 | PLI01000000000000000090553 | ||
| 005 | 00000000000000.0 | ||
| 008 | ||| u | ||
| 100 | 1 | |a Keenan, Edward L. | |
| 245 | 0 | 0 | |a Morphology is structure |b a Malagasy test case |c Edward L. Keenan |
| 260 | |c 2000 | ||
| 696 | |a Keenan, Edward Louis | ||
| 773 | 0 | 8 | |t Formal issues in Austronesian linguistics |a ed. by Ileana Paul, Vivianne Phillips and Lisa Travis |d Dordrecht [etc.], 2000 |g p. 27-48 |k Studies in natural language and linguistic theory |w MPIPL_cat.PL0092230 |z 0-7923-6068-0 |i In: |
| 952 | |j 2000 |h p. 27-48 | ||
| 996 | |a Aufsatz | ||
| 997 | |a book chapter | ||